| 000 | 00630nam a22002177a 4500 | ||
|---|---|---|---|
| 005 | 20170124110044.0 | ||
| 010 | _a739531 | ||
| 020 | _c90.00 | ||
| 035 | _a739531 | ||
| 037 | _bCen Lib/Ret | ||
| 040 |
_aDPL _bEN |
||
| 082 |
_a709.54 _bBIR |
||
| 100 |
_aBirdwood, George C.M. _924177 |
||
| 245 |
_aThe industrial arts of India / _cby George C.M.Birdwood |
||
| 260 |
_aDelhi _bIdarah-I Adabiyat-I Delli _c1880 |
||
| 270 |
_a2009,Qasimjan street _bDelhi _e110006 |
||
| 300 |
_a344p. : _c21cm(Hb) _bill. |
||
| 650 |
_aHinduism _9141659 |
||
| 650 |
_aHindu mythology _9141660 |
||
| 942 |
_2ddc _cEN _h709.54 _mBIR |
||
| 999 |
_c128707 _d128707 |
||